| 000 | 01117cam a2200301 a 4500 | ||
|---|---|---|---|
| 001 | 3905826 | ||
| 003 | ARRUPE | ||
| 005 | 20130919172232.0 | ||
| 008 | 910524s1991 mnu b 000 0 eng | ||
| 010 | _a 91022660 | ||
| 020 | _a0814656757 | ||
| 040 |
_aDLC _cDLC _dDLC |
||
| 050 | 0 | 0 |
_aBS2589.6.W37 _bG555 1991 |
| 082 | 0 | 0 |
_a241/.68/09015 _220 |
| 100 | 1 |
_aGillman, John. _9796 |
|
| 245 | 1 | 0 |
_aPossessions and the life of faith : _ba reading of Luke-Acts / _cJohn Gillman. |
| 260 |
_aCollegeville, Minn. : _bLiturgical Press, _cc1991. |
||
| 300 |
_a120 p. ; _c22 cm. |
||
| 440 | 0 |
_aZacchaeus studies. _pNew Testament _9797 |
|
| 500 | _a"A Michael Glazier book." | ||
| 504 | _aIncludes bibliographical references (p. 118-120). | ||
| 630 | 0 | 0 |
_aBible. _pLuke _xCriticism, interpretation, etc. _9798 |
| 630 | 0 | 0 |
_aBible. _pActs _xCriticism, interpretation, etc. _9799 |
| 650 | 0 |
_aWealth _xBiblical teaching. _9800 |
|
| 906 |
_a7 _bcbc _corignew _d1 _eocip _f19 _gy-gencatlg |
||
| 942 |
_2lcc _cMONOGRAPH |
||
| 999 |
_c117933 _d117933 |
||